[Event "Odorheiu Secuiesc"]
[Site "Odorheiu Secuiesc"]
[Date "1993.??.??"]
[Round "5"]
[White "Ribli, Zoltan"]
[Black "Istratescu, Andrei"]
[Result "1-0"]
[WhiteElo "2620"]
[BlackElo "2470"]
[Annotator "Ribli,Z"]
[PlyCount "87"]
[EventDate "1993.05.??"]
[EventType "tourn"]
[EventRounds "11"]
[EventCountry "ROU"]
[EventCategory "12"]
[SourceTitle "CBM 036"]
[Source "ChessBase"]
[SourceDate "1993.10.01"]
[SourceVersion "1"]
[SourceVersionDate "1993.10.01"]
[SourceQuality "1"]

1. c4 Nf6 2. Nc3 g6 3. g3 Bg7 4. Bg2 O-O 5. e4 d6 6. Nge2 c5 7. O-O Nc6 8. d3
Ne8 (8... a6 9. Rb1 Rb8 {Schlosser,P-Wittman,W/Mitropa Cup/1993/CBM34/} (9...
Bg4 {Kosten-Smirin/Tilburg/1992/CBM32/56,50/})) 9. Be3 Nd4 10. Rb1 $5 (10. Qd2
$6 {Filipenko-Gleizerov/Cheliabinsk/1991/CBM25/}) 10... Nc7 11. b4 Nce6 12. Qd2
Nxe2+ (12... Rb8 {Schlosser,P-Vogt,L/Wildbad/1990/EXP20/}) 13. Nxe2 Nd4 14. f4
Rb8 (14... f5 15. bxc5 dxc5 16. e5 $14) 15. f5 gxf5 $1 16. Nxd4 $6 (16. bxc5 $1
dxc5 17. Nxd4 cxd4 (17... Bxd4 18. exf5 $14) 18. Bh6 Bxh6 19. Qxh6 fxe4 $2 20.
Qg5+ Kh8 21. Qe5+ Kg8 22. Qxb8 $18) 16... cxd4 17. Bh6 Bxh6 18. Qxh6 fxe4 19.
Bxe4 f5 20. Qg5+ Kh8 21. Bxf5 e6 (21... e5 22. Qxd8 Rxd8 23. Bxc8 Rbxc8 24. Rf7
$16) 22. Qxd8 Rxd8 23. Be4 $1 (23. Bh3 Kg7 $1 24. Rf2 e5 $1 25. Bxc8 Rbxc8 26.
Rbf1 Rd7 $10) 23... Kg7 24. Rb2 $1 Bd7 25. Rbf2 Be8 26. Rf4 $1 (26. Rf6 $2 d5
$1 27. cxd5 exd5 28. Bg2 Bg6 $13) 26... h5 $8 (26... e5 27. Rg4+ Bg6 28. h4 Kh6
29. Bxg6 hxg6 30. Rf6 Rg8 31. Rxd6 $18) 27. g4 $1 b5 (27... h4 28. g5 $16) 28.
gxh5 Bxh5 29. c5 $1 (29. R1f2 Rf8 $1 30. Rxf8 Rxf8 31. Rxf8 Kxf8 32. cxb5 d5 $1
33. Bg2 Bd1 34. h4 Ba4 35. Bh3 e5 36. Bd7 e4 $13) 29... dxc5 30. bxc5 Rbc8 31.
c6 Rd6 (31... Be8 32. Rg4+ $18) 32. Rh4 Bg6 33. Rg4 e5 34. Rf5 $1 Kh6 35. Rh4+
Kg7 36. Rg5 Rcxc6 37. Bxc6 Rxc6 38. Rxe5 $18 Bxd3 39. Rxd4 Rc1+ 40. Kf2 Kf6 41.
Re1 Rc2+ 42. Kf3 $1 Bg6 43. Rd6+ Kf7 44. Rf1 $1 1-0

[Event "New York op"]
[Site "New York"]
[Date "1991.??.??"]
[Round "3"]
[White "Zlotnikov, Mikhail"]
[Black "Dzindzichashvili, Roman"]
[Result "0-1"]
[WhiteElo "2330"]
[BlackElo "2555"]
[Annotator "Ribli,Z"]
[PlyCount "58"]
[EventDate "1991.03.??"]
[EventType "swiss"]
[EventRounds "9"]
[EventCountry "USA"]
[SourceTitle "CBM 023"]
[Source "ChessBase"]
[SourceDate "1991.08.01"]
[SourceVersion "1"]
[SourceVersionDate "1991.08.01"]
[SourceQuality "1"]

1. c4 g6 2. Nc3 Bg7 3. e4 c5 4. g3 Nc6 5. Bg2 Nf6 6. Nge2 O-O 7. O-O Ne8 $5 8.
d3 Nc7 9. Be3 Ne6 10. Qd2 Ned4 11. Bh6 d6 12. Bxg7 Kxg7 13. Nxd4 (13. f4 e5 $1
14. f5 Nxe2+ 15. Qxe2 Nd4 16. Qd2 gxf5 17. exf5 Bxf5 18. Nd5 f6 19. Ne3 Bc8 20.
g4 f5 $1 $15 {Dumitrache-Gheorghiu Rumania ch 1987 44/42}) 13... cxd4 14. Ne2
e5 15. b4 f6 16. a3 Bd7 17. f4 Ne7 18. Rac1 Rc8 19. c5 $2 dxc5 20. fxe5 fxe5
21. Qg5 Rxf1+ 22. Bxf1 Nc6 23. Qxd8 Nxd8 $1 24. bxc5 Ne6 25. Bh3 Rxc5 $19 26.
Rxc5 Nxc5 27. Bxd7 Nxd7 28. Kf2 Nc5 29. Nc1 Kf6 0-1

[Event "Interzonal-15"]
[Site "Manila"]
[Date "1990.??.??"]
[Round "8"]
[White "Ye, Rongguang"]
[Black "Spasov, Vasil"]
[Result "1/2-1/2"]
[WhiteElo "2525"]
[BlackElo "2495"]
[Annotator "Ribli,Z"]
[PlyCount "112"]
[EventDate "1990.06.29"]
[EventType "swiss"]
[EventRounds "13"]
[EventCountry "PHI"]
[SourceTitle "CBM 019"]
[Source "ChessBase"]
[SourceDate "1990.12.01"]
[SourceVersion "1"]
[SourceVersionDate "1990.12.01"]
[SourceQuality "1"]

1. c4 Nf6 2. Nc3 g6 3. e4 d6 4. g3 Bg7 5. Bg2 c5 6. Nge2 Nc6 7. a3 O-O 8. Rb1
Ne8 9. O-O Nc7 {-> A 36} 10. b4 Ne6 (10... b6 $5 11. d3 Bb7 12. Nd5 Ne6 13.
Ndf4 Ned4 14. Nxd4 Nxd4 15. Ne2 f5 {Popchev,M-Dizdarevic,E Sarajevo 1988 CBM 8}
) 11. d3 Rb8 (11... Ned4 12. Be3 (12. Nxd4 Nxd4 13. Ne2 b6 14. Nxd4 Bxd4 15.
Bb2 Bxb2 16. Rxb2 $14 {Stoljar-Zilber URS 1957}) 12... Rb8 13. h3 (13. Qd2 $5)
13... Bd7 14. Kh2 b6 15. f4 a6 16. Qd2 {Ye Rongguang-Nunn Luzern 1989 48/55})
12. Be3 b6 (12... Ncd4 13. f4 f5 14. bxc5 Nxe2+ 15. Nxe2 Nxc5 16. e5 Qa5 17. d4
Ne4 18. Qd3 Bd7 {Lund,B-Davies,N Preston 1989 CBM 14}) 13. f4 Ned4 14. b5 Na5
15. h3 f5 16. Kh2 Kh8 17. Bd2 e6 18. Ng1 (18. Nxd4 cxd4 19. Ne2 (19. Na2 Nb7
20. Nb4) 19... Nb7) 18... fxe4 19. Nxe4 d5 20. Ng5 Nb7 21. N5f3 Nxf3+ 22. Nxf3
Nd6 23. Ne5 Bb7 24. Qe2 Nf5 25. Bc3 Qc7 26. Rbe1 Rbe8 27. Bb2 Kg8 28. Bf3 d4
29. Bxb7 Qxb7 30. Bc1 Nd6 31. Nc6 a5 32. Qg2 Nf7 33. Re2 {>< e6} Qd7 34. Rfe1
Bf6 35. Qf3 Bd8 36. Nxd8 Nxd8 37. Bd2 Kg7 38. Re4 Qf7 39. Re5 Qd7 40. Qg4 Rf5
41. Qe2 Rxe5 42. Qxe5+ Kg8 43. Qe4 Nf7 44. a4 Nd6 45. Qf3 Qb7 46. Qxb7 Nxb7 47.
g4 Kf7 48. Re2 Nd6 49. Be1 Ke7 50. Bh4+ Kd7 51. Bf6 Rf8 52. Be5 Nf7 53. Kg3 Rg8
54. Bf6 Nd6 55. Be5 Nf7 56. Bf6 Nd6 {Ribli} 1/2-1/2

[Event "Interzonal-15"]
[Site "Manila"]
[Date "1990.??.??"]
[Round "5"]
[White "Seirawan, Yasser"]
[Black "Ljubojevic, Ljubomir"]
[Result "1/2-1/2"]
[WhiteElo "2635"]
[BlackElo "2600"]
[Annotator "Ribli,Z"]
[PlyCount "52"]
[EventDate "1990.06.29"]
[EventType "swiss"]
[EventRounds "13"]
[EventCountry "PHI"]
[SourceTitle "CBM 019"]
[Source "ChessBase"]
[SourceDate "1990.12.01"]
[SourceVersion "1"]
[SourceVersionDate "1990.12.01"]
[SourceQuality "1"]

1. c4 c5 2. g3 g6 3. Bg2 Bg7 4. Nc3 Nc6 5. a3 d6 6. e3 Be6 $5 (6... a5 7. Nge2
e5 8. d4 $5 {Winants,L-Polgar,J Wijk B 1990 CBM 17}) (6... Nf6 7. Nge2 O-O 8.
O-O Bf5 9. e4 Bg4 10. f3 Bd7 11. d3 $13 {Seirawan-Speelman Saint John m 1988
45/52}) 7. d3 Qd7 8. h3 (8. Nge2 Bh3 $13) 8... Nf6 9. e4 O-O 10. Nge2 Qd8 (
10... a5 11. Nf4 $14) 11. Rb1 a5 12. O-O Ne8 13. f4 (13. Be3 Nc7 14. b3 Nd4)
13... f5 14. exf5 gxf5 15. Be3 Rb8 16. b3 {/\ d4} Nd4 17. Bxd4 cxd4 18. Nb5 Bd7
$1 19. b4 Kh8 20. bxa5 Qxa5 21. Qe1 Qxe1 22. Rfxe1 e5 23. Rb3 Bf6 24. Reb1 Rf7
$1 25. Kf2 b6 $1 26. Rb4 {/\ Na7} Rc8 {Ribli} 1/2-1/2

[Event "POL-ch 57th"]
[Site "Plock"]
[Date "2000.05.10"]
[Round "13"]
[White "Markowski, Tomasz"]
[Black "Socko, Bartosz"]
[Result "0-1"]
[WhiteElo "2531"]
[BlackElo "2556"]
[Annotator "Ribli,Z"]
[PlyCount "70"]
[EventDate "2000.04.28"]
[EventType "tourn"]
[EventRounds "13"]
[EventCountry "POL"]
[EventCategory "10"]
[SourceTitle "CBM 078"]
[Source "ChessBase"]
[SourceDate "2000.10.18"]
[SourceVersion "1"]
[SourceVersionDate "2000.10.18"]
[SourceQuality "1"]

1. g3 {Konikowski  Dieser zurückhaltende Zug ist eine Lieblingswaffe des
polnischen Großmeisters (mit Schwarz spielt er gerne Systeme mit g7-g6).} g6 2.
Bg2 Bg7 3. c4 Nf6 4. Nc3 d6 5. d3 O-O 6. e4 {Weiß möchte seinen Springer auf
e2 plazieren. Doch mit diesem Zug schwächt er das Feld d4.} (6. Nf3) 6... c5 7.
Nge2 Nc6 8. O-O Ne8 {[%csl Yd4][%cal Ge8c7,Gc7e6,Ge6d4] Schwarz öffnet die
Diagonale des Bg7 und bereitet das Manöver Nc7-e6 vor.} 9. Be3 Nd4 {Schwarz
muss so spielen, sonst verschafft sich sein Gegner durch d3-d4 Raumvorteil.} (
9... Nc7 10. d4 cxd4 11. Nxd4 $14) 10. Rb1 {[%cal Gb2b4]} a5 (10... Nc7 11. b4
Nce6 12. Qd2 Nxe2+ 13. Nxe2 Nd4 14. f4 Rb8 15. f5 gxf5 $1 16. Nxd4 $6 (16. bxc5
$1 dxc5 17. Nxd4 cxd4 18. Bh6 Bxh6 19. Qxh6 fxe4 $2 20. Qg5+ Kh8 21. Qe5+ Kg8
22. Qxb8 $18) 16... cxd4 17. Bh6 Bxh6 18. Qxh6 fxe4 19. Bxe4 f5 20. Qg5+ Kh8
21. Bxf5 e6 22. Qxd8 Rxd8 23. Be4 $1 {1-0 Ribli,Z-Istratescu,A/Odorheiu
Secuiesc 1993/CBM 36/[Ribli] (44)}) 11. f4 {Weiß entscheidet sich für
sofortigen Angriff am Königsflügel. Der Plan a3-b4 wäre m.E. aber logischer,
weil es einige schwache Felder am Damenflügel gibt.} (11. b3 Nc7 12. a3 Nce6
13. b4 axb4 14. axb4 Ra3 15. Bxd4 cxd4 16. Nb5 Ra6 17. Ra1 Bd7 18. Rxa6 bxa6
19. Na3 Qb6 {1/2-1/2 Savenko,A-Drozdov,I/Krasnodar 1997/EXT 2000 (44)}) (11. a3
Nc7 (11... Nxe2+ {Konikowski} 12. Nxe2 a4 13. d4 cxd4 14. Bxd4 Bg4 15. Re1 Qc7
16. Rc1 Bh6 17. Rc2 Ng7 18. f3 Be6 19. Nc3 Rfc8 20. Nd5 Bxd5 21. exd5 e5 22.
dxe6 Nxe6 23. Bf2 d5 24. Qxd5 Rd8 25. Qe4 $16 {Votava,J-Rogers,I/Germany 1996/}
) 12. b4 axb4 13. axb4 b6 14. Qc1 Ra7 15. Bh6 Bb7 16. Bxg7 Kxg7 17. Qb2 Ra6 18.
Nxd4 cxd4 19. Nd5 e5 20. f4 Nxd5 21. cxd5 f6 22. Rbc1 Qd7 {1/2-1/2 Williams,
S-Bakre,T/Calicut 1998/CBM 67 ext (31)}) 11... Nc7 12. Qd2 (12. a3) 12... Rb8 {
[%cal Gb7b5] 'N' Konikowski.} (12... f5 {Konikowski} 13. Nd5 Nce6 14. Kh1 Nc6
15. Nec3 Ned4 16. Bg1 e6 17. Ne3 a4 18. a3 Kh8 19. Qd1 Qa5 20. g4 fxg4 21. Qxg4
Bd7 22. Rf2 Ne7 23. Rbf1 Rab8 24. Qg3 Qa6 25. h4 Rf7 26. h5 Rbf8 $132 {
Makarichev,S-Drozdov,I/Kazan 1995/}) 13. a4 $11 {Weiß verhindert zwar den Zug
b7-b5, aber nun kann er auch nicht mehr b2-b4 ziehen. - Weiß hat etwas
Initiative am Königsflügel, doch Schwarz kontrolliert das Feld d4, die Chancen
sind daher in etwa ausgeglichen.} (13. Bf2) 13... b6 (13... Nce6 14. f5 Nb3 15.
Qd1 Ned4 16. Nb5 $14) 14. f5 $13 {'?!' Konikowski.  Weiß opfert einen Bauern
für Initiative - nachfolgend bekommt er zwar Angriffschancen, aber ich habe
Zweifel daran, daß diese Kompensation ausreichend ist.} (14. Rbe1 $11) (14.
Bxd4 $5 cxd4 15. Nb5) (14. Bf2 {(Konikowski) /\Nd4}) 14... gxf5 15. Nf4 (15.
Bh6 $5 Nxe2+ 16. Nxe2 fxe4 17. Bxg7 Kxg7 18. Qg5+ Kh8 19. Bxe4 $44) 15... fxe4
16. Nh5 (16. dxe4 $5 Nce6 17. Nh5 $44) 16... Nf5 (16... Nb3 17. Qe2 (17. Qd1
Bd4 18. Bxd4 Nxd4 19. dxe4 $44) 17... exd3 18. Qxd3 $44) 17. Nxg7 (17. Rxf5
Bxf5 18. dxe4 Bg6 19. Nxg7 Kxg7 20. Bh6+ Kh8 21. Bxf8 Qxf8 $15 {[%cal Gc7e6,
Ge6d4]}) 17... Kxg7 {'!' Konikowski.} (17... Nxg7 18. dxe4 $44) 18. Bh6+ $6 {
'?' Konikowski.} (18. Rxf5 Bxf5 19. dxe4 Bg6 20. Bh6+ Kh8 21. Bxf8 Qxf8 $15 {
Das ist eine Zugumstellung zur Variante mit 17.Rxf5.}) (18. dxe4 $142 $5 {
Konikowski} Nxe3 19. Qxe3 f6 20. Rf4 $44) 18... Nxh6 19. Qg5+ Kh8 20. Qxh6 {
[%csl Gh6]} exd3 $5 $17 {Schwarz hat schon drei Bauern mehr. Der weiße Angriff
am Königsflügel macht einen gefährlichen Eindruck, doch Schwarz kann sich
verteidigen.} 21. Ne4 {[%cal Re4g5,Rg5h7]} (21. Be4 f5 22. Bxd3 e5 $19) 21...
f6 {[%mdl 256]} (21... Ne6 $17) 22. Ng5 {[%cal Gf1f8]} Bf5 {'!' Konikowski.
Schwarz gibt einen Bauern zurück, um nach Vereinfachungen eine leicht zu
verteidigende Stellung - mit Materialvorteil - zu erreichen.} (22... fxg5 $4 {
Konikowski} 23. Rxf8+ $18) 23. Rxf5 fxg5 24. Rxg5 Rf7 {Die Punkte h7 und g7
sind verteidigt - Schwarz kann nun damit beginnen, seinen Materialvorteil zu
verwerten.} 25. Be4 Qf8 26. Qh3 (26. Qxf8+ Rbxf8 27. Bxd3 Ne6 $17 {[%csl Yd4]
[%cal Ge6d4] Weiß hat einen Bauern weniger, doch nach dem Damentausch lösen
sich seine Angriffschancen auf. Der schwarze Springer hingegen bekommt einen
starken Posten auf d4}) (26. Qh5 d2 $17) 26... d2 27. Rd1 Qc8 28. Bf5 (28.
Qxc8+ Rxc8 29. Rxd2 Ne6 $17 {[%csl Ge6][%cal Ge6d4,Re6g5]}) 28... e6 29. Bg6
Rg7 30. Rxd2 {Weiß hat nur einen Bauern weniger, aber sein Angriff ist
gescheitert- er hat keine Kompensation.} Qd7 {[%cal Gb8g8,Gg8g5]} 31. Qh6 Qe7 {
Schwarz muss wachsam bleiben - die weiße Drohung war 32.Bxh7!.} (31... Rbg8 $2
32. Bxh7 Rxh7 (32... Rxg5 33. Bg6+ $18) 33. Qf6+ Qg7 (33... Rhg7 34. Rh5#) (
33... Rgg7 34. Qf8+ $18) 34. Rxg7 $18) (31... Qxa4 $4 {Konikowski} 32. Bxh7 $3
Qd7 (32... Rxg5 33. Bg6+ Kg8 34. Qh7+ Kf8 35. Qf7#) 33. Bc2+ Kg8 34. Qh7+ $18)
32. Rh5 Rf8 {[%cal Rf8f6,Rf6h6]} (32... Rbg8 33. Be4 Rf8 $17) 33. Be4 Qf7 34.
Rd1 $4 {[%mdl 8192] Nach diesem Zug ist Weiß sofort verloren.} (34. Bg2 Rg6 35.
Qe3 Rf6 $17) 34... Qf2+ $19 35. Kh1 Qe2 {[%cal Re2d1,Re2e4,Rf8f1,Rf1h1]} 0-1

[Event "EU-Cup 19th"]
[Site "Rethymno"]
[Date "2003.09.29"]
[Round "2.5"]
[White "Thiede, Lars"]
[Black "Filippov, Valerij"]
[Result "0-1"]
[WhiteElo "2440"]
[BlackElo "2630"]
[Annotator "Ribli,Z"]
[PlyCount "110"]
[EventDate "2003.09.28"]
[EventType "team-swiss"]
[EventRounds "7"]
[EventCountry "GRE"]
[SourceTitle "CBM 098"]
[Source "ChessBase"]
[SourceDate "2004.02.03"]
[SourceVersion "1"]
[SourceVersionDate "2004.02.03"]
[SourceQuality "1"]
[WhiteTeam "Berlin SF"]
[BlackTeam "Tomsk 400"]
[WhiteTeamCountry "GER"]
[BlackTeamCountry "RUS"]

1. g3 c5 2. c4 Nc6 3. Bg2 g6 4. Nc3 Bg7 5. a3 {Mit ungefähr 200 Elo-Punkten
weniger wäre Weiß zufrieden mit der symmetrischen Variante, was nach 5...a6 6.
Rb1 Rb8 möglich ist.} e6 6. b4 {Auf diese Weise opfert Weiß zeitweilig zwei
Bauern für aktives Spiel am Damenflügel.} Nxb4 7. axb4 cxb4 8. d4 bxc3 9. e3 {
Weiß hat schon zwei Bauern weniger, aber er gewinnt den c3-Bauern zurück.} Ne7
10. Ne2 O-O {Die Partiefortsetzung ist nicht schlecht, aber die Alternative 10.
..d5!? bietet Schwarz auch gute Chancen. Es ist notwendig den Zug 10...d5!?
schnell zu spielen, weil - z.B. nach 10...0-0 - wenn Weiss 11.Nxc3 spielt,
führt der Zug 11...d5 zu einer schlechten schwarzen Bauernstruktur.} (10... d5
$5 11. cxd5 Nxd5 12. Ba3 Bf8 $5 13. Bxf8 Kxf8 14. Qb3 Kg7 15. O-O Bd7 $5 (15...
b6 16. e4 Nf6 17. e5 Nd5 18. Nxc3 Bb7 19. Nb5 Qb8 20. Rfc1 $44 {1-0 Krasenkow,
M-Brynell,S/Copenhagen 1996/CBM 54/[Ribli] (34)}) 16. Rfc1 Bc6 17. e4 Nf6 18.
f3 a6 19. Qxc3 Bb5 20. Nf4 Rc8 21. Qb2 Rxc1+ 22. Rxc1 g5 23. Nh3 h6 24. f4 Qb6
25. fxg5 hxg5 26. Rc5 Rd8 {0-1 Nyback,T-Bilek,I/Budapest 2002/CBM 88 ext (33)})
11. Nxc3 (11. Ba3 Re8 12. Nxc3 d5 13. Bxe7 (13. Qb3 dxc4 14. Qxc4 Rb8 15. O-O
b5 16. Nxb5 Ba6 17. Bxe7 Bxb5 18. Qxb5 Rxe7 19. Qa5 Rc7 20. Ra4 Bf8 21. h4 {
0-1 Metaxasz,V-Nguyen,N/Budapest 2002/CBM 90 ext (35)}) 13... Rxe7 14. cxd5 e5
15. Nb5 Bh3 16. Bxh3 Qxd5 17. O-O Qxb5 18. d5 $44 {1-0 Poldauf,D-Haskamp,S/
Germany 2002/EXT 2003 (29)}) 11... d6 {Schwarz möchte die Stellung
komplizieren und spielt nicht 11...d5.} (11... d5 12. cxd5 Nxd5 13. Nxd5 exd5
14. Qb3 $44 Be6 15. Qxb7 a5 16. O-O Re8 17. Ba3 Rb8 18. Qa7 Ra8 19. Qb7 Rb8 20.
Qa6 Ra8 21. Qd6 Qxd6 22. Bxd6 Bf8 {0-1 Ptacnikova,L-Kasparov,S/Inline Czechia
Cup, Olomouc CZE 2003 (40)}) 12. Ba3 Qc7 13. Qb3 {[%cal Gc3b5]} a6 14. O-O Rb8
15. Rab1 $44 {[%cal Gb1b8,Gf1c1,Gc1c8] Weiß hat einen offensichtlichen
positionellen Druck am Damenflügel, was eine ausreichende Kompensation für den
Bauern ist. In folgendem muss Schwarz mit dem Motiv Qb6 rechnen.} (15. Rfc1 $5
Rd8 16. Rab1 Nf5 17. Qb6 Qxb6 18. Rxb6 h5 19. Rcb1 {1-0 Dunnington,A-Slutzkin,
U/Sevilla 1989/EXT 97 (36)}) 15... e5 $6 {Schwarz möchte seine Stellung
befreien, aber nach diesem Zug wird seine Stellung geschwächt.} (15... b5 16.
cxb5 axb5 17. Rfc1 $14) (15... b6 $14) 16. dxe5 $6 (16. d5 $6 Bf5 17. e4 Bd7
$15 {[%cal Ge7c8]}) (16. Qb6 Qxb6 17. Rxb6 exd4 18. Bxd6 dxc3 $132) (16. Ne4 $1
Rd8 (16... Nf5 17. g4 $18) 17. Qb6 Qxb6 18. Rxb6 {[%csl Ga3,Gb6,Rd6,Ge4][%cal
Ra3e7]} Nf5 19. g4 Nh4 20. Bxd6 Rxd6 21. Nxd6 Nxg2 22. Kxg2 exd4 23. g5 $16)
16... Bxe5 17. f4 Bg7 18. Rfd1 Rd8 19. Ne4 Nf5 $13 {Schwarz hat noch einen
Bauern mehr, aber sein d6P ist schwach. Anderseits wird nach 17.f4 die weiße
Königsstellung geschwächt.} 20. Bb2 (20. g4 Nh4 21. Bxd6 Rxd6 22. Nxd6 Bxg4 23.
Rd2 Bf3 $1 (23... Nxg2 24. Kxg2 b5 25. cxb5 axb5 26. e4 $14) 24. Bh3 Bc6 $44 {
Jetzt ist es Weiß, der Materialvorteil hat, aber mit Läuferpaar und aktivem
Figurenspiel hat Schwarz ausreichend Kompensation.}) 20... Qe7 (20... Be6 $5
21. Bxg7 Nxg7 22. Nf6+ Kh8 23. Nd5 $13) 21. Bxg7 Nxg7 22. Qc3 {[%cal Ge4f6,
Gf6d5]} Ne8 {[%mdl 256] Der Springer verteidigt den d6-Bauern und gleichzeitig
das Schachmotiv auf f6.} 23. Rb6 {[%csl Rd6][%cal Gd1d6,Gb6d6,Ge4d6] Der weiße
Zielpunkt ist der d6P. Schwarz kann seinen Materialvorteil nicht halten.} Bf5 (
23... Be6 $13) 24. Qd4 Bxe4 (24... d5 25. cxd5 Bxe4 26. Bxe4 Nd6 27. Bd3 f5 28.
Qe5 Kf7 $14) 25. Bxe4 Nc7 {[%cal Gc7e6,Ge6c5] Schwarz gibt den Bauern zurück,
aber möchte seinen Springer durch Ne6-Nc5 aktivieren.} (25... Ng7 $1 {[%cal
Gg7e6,Ge6c5]} 26. Rxd6 Re8 (26... Rxd6 27. Qxd6 $14) 27. Qe5 Qxe5 28. fxe5 Rxe5
29. Rd8+ Re8 30. Rxb8 Rxb8 31. Bxb7 Rxb7 32. Rd8+ Ne8 33. Rxe8+ Kg7 34. Ra8 $11
) 26. Rxb7 Rxb7 27. Bxb7 a5 28. Bc6 $14 {Weiß hat die etwas bessere Stellung
dank seiner Aktivität, aber sein Material ist reduziert.} Ne6 29. Qe4 Qc7 30.
Bd5 Nc5 31. Qd4 a4 32. e4 $2 (32. f5 $5 $40 {[%cal Gd1f1,Gf1f8,Gd5g8] Nach
diesem Zug könnte Weiß einen chancenreiche Angriff führen.}) 32... Re8 $11 33.
Rf1 (33. f5 Nd7 $13 {[%cal Gd7e5]}) 33... Nb3 34. Qc3 Re7 35. Kh1 Qa7 {[%cal
Ga7g1]} 36. Qb4 (36. e5) 36... Qe3 $5 (36... Nc5 $11) 37. Qxa4 Nd2 $2 (37...
Qe2 38. Qa8+ Kg7 39. Kg1 Nd2 40. Qa1+ f6 41. Rf2 Nf3+ 42. Kg2 Ne1+ 43. Kg1 $11)
38. Ra1 $2 (38. Qa8+ Kg7 39. Qa1+ Kg8 40. Re1 $16) 38... Nxe4 $15 {Schwarz hat
einige Angriffchancen am Königsflügel, weil die weiße Königsstellung
geschwächt ist.} 39. Qa8+ (39. Bxe4 $2 Qxe4+ 40. Kg1 Qd4+ $19) 39... Kg7 40.
Qa3 Qd4 {Natürlich muss Schwarz die Dame auf dem Brett halten.} 41. Rf1 (41.
Bxe4 Qxe4+ 42. Kg1 Qd4+ $19) 41... Nf2+ 42. Kg2 Nd1 $17 {[%csl Gd1,Rg2][%cal
Rd1e3,Re3f1,Re3g2]} 43. Kh3 Re2 44. Rxd1 $8 {Weiß hat nichts Besseres, er muss
die Qualität geben.} Qxd1 45. Qa7 {Es scheint so, als ob Weiß auch seine
Gegenchancen hat, weil der Bauer auf f7 hängt.} Qf1+ 46. Kg4 h5+ 47. Kg5 {[#]}
Re5+ $1 $19 {[%mdl 64]} 48. Kh4 (48. fxe5 Qf5+ 49. Kh4 Qg4#) 48... g5+ (48...
Rxd5 49. cxd5 Qd1 50. Kh3 Qxd5 $17) 49. fxg5 Qf5 50. Qd4 Qxg5+ 51. Kh3 Qf6 52.
Qd2 Qf1+ 53. Kh4 Qf5 54. Qd1 (54. Qd4 Qf6+ 55. Kh3 Re2 $19) 54... Qf2 55. Kh3
Re2 0-1

[Event "OHRA-B"]
[Site "Amsterdam"]
[Date "1990.??.??"]
[Round "9"]
[White "Serper, Grigory"]
[Black "Piket, Jeroen"]
[Result "1/2-1/2"]
[WhiteElo "2485"]
[BlackElo "2495"]
[Annotator "Ribli,Z"]
[PlyCount "106"]
[EventDate "1990.07.??"]
[EventType "swiss"]
[EventRounds "9"]
[EventCountry "NED"]
[SourceTitle "CBM 020"]
[Source "ChessBase"]
[SourceDate "1991.02.01"]
[SourceVersion "1"]
[SourceVersionDate "1991.02.01"]
[SourceQuality "1"]

1. c4 g6 2. Nc3 Bg7 3. g3 d6 4. Bg2 Nf6 5. e4 c5 6. Nge2 Nc6 7. O-O O-O 8. a3
a6 (8... Ne8 9. Rb1 Nc7 10. b4 Ne6 {Ye Rongguang-Nunn,J WchT Luzern 1989 CBM/
16 48/55}) 9. Rb1 Rb8 10. b4 Be6 11. d3 cxb4 12. axb4 b5 13. cxb5 axb5 14. d4 (
14. Be3 $5) 14... Bc4 $1 15. Re1 e5 16. dxe5 dxe5 17. Nd5 Nxd5 18. exd5 Nd4 19.
Nxd4 exd4 20. Bb2 Qb6 (20... Bxd5 21. Bxd4 Bxg2 22. Bxg7 $10) 21. Qd2 Rfd8 22.
Red1 d3 23. Be4 Bxb2 24. Qxb2 Bxd5 25. Bxd3 Ba8 26. Be2 Re8 (26... Qb7 $5) 27.
Rbc1 Re7 28. Rd3 Rbe8 29. Bf3 Bxf3 30. Rxf3 Qb7 31. Kg2 Re2 32. Qf6 R2e6 33.
Qf4 Re5 34. Qf6 Rf5 35. Qc6 Qxc6 36. Rxc6 Re4 37. Rxf5 gxf5 38. Rc5 $10 Rxb4
39. Rxf5 Kg7 40. Rc5 h6 41. Rc6 Rb3 42. Rb6 b4 43. g4 Kh7 44. f3 Kg7 45. Kg3
Rb1 46. f4 b3 47. f5 Rg1+ 48. Kh4 Rg2 49. Kh3 Rb2 50. Kg3 Kh7 51. Rb8 Kg7 52.
Rb7 Kf6 53. Rb6+ Kg7 1/2-1/2

[Event "Leon"]
[Site "Leon"]
[Date "1990.??.??"]
[Round "1"]
[White "Magem Badals, Jordi"]
[Black "Sion Castro, Marcelino"]
[Result "1-0"]
[WhiteElo "2460"]
[BlackElo "2365"]
[Annotator "Ribli,Z"]
[PlyCount "47"]
[EventDate "1990.06.??"]
[EventType "tourn"]
[EventRounds "11"]
[EventCountry "ESP"]
[EventCategory "9"]
[SourceTitle "CBM 020"]
[Source "ChessBase"]
[SourceDate "1991.02.01"]
[SourceVersion "1"]
[SourceVersionDate "1991.02.01"]
[SourceQuality "1"]

1. c4 g6 2. Nc3 c5 3. g3 Nc6 4. Bg2 Bg7 5. e3 Nh6 6. Nge2 (6. h4 d6 7. Nge2 Bg4
{Nikolic,Z-Cebalo,M JUG-ch 1989 CBM/13}) 6... Nf5 7. O-O Rb8 (7... O-O 8. b3 d6
9. Bb2 Rb8 {Nogueiras,J-Vaganian,R Barcelona WCup 1989 CBM/12}) 8. d4 cxd4 9.
exd4 Bxd4 (9... Nfxd4 10. Nxd4 Nxd4 11. Bh6 Bxh6 12. Qxd4 O-O 13. Qxa7 Qc7 14.
Nd5 Qd6 15. c5 Qe5 16. Rae1 $18) 10. Nxd4 Nfxd4 11. b4 $1 Ne6 12. Bh6 Nxb4 13.
Nd5 Nc6 14. f4 $146 Rg8 15. f5 gxf5 16. Rxf5 d6 17. Qh5 Ne5 18. Rxe5 $1 dxe5
19. Qxe5 Bd7 (19... Qd6 20. Nf6+ $1) 20. Be4 Bc6 21. Bxh7 Rg4 22. Rd1 Bxd5 23.
Rxd5 Qb6+ 24. c5 1-0